000
00275nam a2200109Ia 4500
008
230907s9999||||xx |||||||||||||| ||und||
082
_a
551.31
_b
REM
245
0
_a
Remote sensing of the cryosphere /
300
_a
xvii, 403 pages :
650
_a
Textbooks.
_9
8511
942
_c
BK
999
_c
599102
_d
599102